| 000 | 00670nam a2200193 a 4500 | ||
|---|---|---|---|
| 001 | BRCA_1622 | ||
| 005 | 20190320203500.0 | ||
| 008 | 190508s2007----mx-a---###---#000-0#spa-# | ||
| 020 | _a9789708021111 | ||
| 050 | 4 |
_aND259.R5 _b.P35 2007 |
|
| 245 | 1 | 0 |
_aDiego Rivera _bpalabras ilustres. |
| 260 |
_aMéxico _bINBA : Museo Estudio Diego Rivera : RM _c2007 |
||
| 300 |
_a2 v. _bil. a color _c25 cm. |
||
| 500 | _aIncluye piezas de la colección Franz Mayer: p. 15 y 426 (v.1) | ||
| 505 | 0 | _aContenido : v.1. 1886-1921. -- v.2 1921-1957 | |
| 600 | 1 | 4 |
_aRivera, Diego _d1886-1957 _vEntrevistas _95080 |
| 650 | 1 | 4 |
_aPintores _vEntrevistas _ySiglo XX _zMéxico _95081 |
| 942 |
_2lcc _cB |
||
| 999 |
_c1429 _d1429 |
||